000 00945nam a22003377a 4500
001 BR9800747
003 BR-BrBNA
005 20230928095820.0
007 ta
008 230509b bl.||||| |||| 00| 0 por d
040 _aBR-BrBNA
_bpor
_cBiblioteca Nacional de Agricultura
041 _a(Por)
072 _aH20
_b2480
_b4120
090 _ 2480 BR9800747
100 1 _aRao, S.
100 1 _aRomano, R.
100 1 _aSouza, A.R. de
100 1 _aCastro, A.M.G. de
110 1 _aSuperintendencia da Borracha, Rio de Janeiro, RJ (Brasil)
_910023
245 1 _aSurtos de requeima de Phytophthora nos seringais do sul da Bahia em 1980
260 3 _aRio de Janeiro, RJ (Brasil):
_c1980.
300 _a26 p.
500 _a17 ref.; Summaries (Eng, Por)
650 _aSeringueira
650 _aFungo
650 _aFungicida
650 _aControle Quimico
650 _aBahia
909 _a202309
_bLucia
_c55
_dLucia Elande
942 _cBK
999 _c58801
_d58801